| 000 | 00401nam a22001697a 4500 | ||
|---|---|---|---|
| 003 | OSt | ||
| 005 | 20211203162759.0 | ||
| 008 | 211203b |||||||| |||| 00| 0 eng d | ||
| 020 | _a1397801350009376 | ||
| 040 | _cHU | ||
| 082 | _a657.0285 | ||
| 100 |
_aRomney. Marshall _921709 |
||
| 245 | _aACCOUNTING INFORMATION SYSTEMS | ||
| 260 |
_aLONDON _blnc _c2009 |
||
| 300 | _a829 | ||
| 942 |
_2ddc _cBOOKS _n0 |
||
| 999 |
_c21384 _d21384 |
||